000 00710nam a2200193 i 4500
001 142494
003 ES-MaACL
005 20231205181143.0
007 t|
008 071005s1944 sp ||||1| spa d
100 1 _aVillalón, Fernando,
_d1881-1930
_9114970
245 1 0 _aPoesías
_b: [Andalucía la baja. La Toriada. Romances del 800 (antología)] /
_cFernando Villalón ; prólogo de José Mª Cossío ; dibujos de José Martínez del Cid.
260 _aMadrid :
_bHispánica,
_c1944.
300 _a187 p., 1 lám. ;
_c26 cm.
700 1 _aCossío, José María de,
_d1893-1977
_941017
700 1 _aMartínez del Cid, José.
_978045
852 _aES-MaACL
_jF-15991
_bR.20995
999 _c142494
_d142494